[Event "Toronto Reserves-A"]
[Site "Toronto CAN"]
[Date "2007.??.??"]
[Round "2"]
[White "Haziprodromu, Sam"]
[Black "Kurkowski, Ken"]
[Result "1/2-1/2"]
[WhiteElo "2040"]
[BlackElo "1799"]
[PlyCount "105"]
[GameId "2160767910726731"]
[EventDate "2007.02.??"]
[EventType "tourn"]
[EventRounds "7"]
[EventCountry "CAN"]
[SourceTitle "EXT 2022"]
[Source "ChessBase"]
[SourceDate "2021.10.06"]
[SourceVersion "1"]
[SourceVersionDate "2021.10.06"]
[SourceQuality "1"]

1. e4 c5 2. Nc3 e6 3. g3 d5 4. Bg2 Ne7 5. Nh3 g6 6. O-O Bg7 7. d3 O-O 8. f4 Nbc6 9. f5 exf5 10. exd5 Nb4 11. Nf4 Bxc3 12. bxc3 Nbxd5 13. Nxd5 Nxd5 14. c4 Nb4 15. Bb2 Nc6 16. Bxc6 bxc6 17. Qd2 f6 18. Rae1 Qd6 19. Qf2 Bd7 20. Ba3 Rfe8 21. Bxc5 Qc7 22. Qd4 Kf7 23. Qh4 Kg7 24. g4 Rxe1 25. Rxe1 Re8 26. Be7 g5 27. Bxf6+ Kxf6 28. Qh6+ Kf7 29. Qxh7+ Kf8 30. Rxe8+ Kxe8 31. Qg8+ Ke7 32. Qxg5+ Kf7 33. gxf5 Qd6 34. Qg6+ Qxg6+ 35. fxg6+ Kxg6 36. Kf2 c5 37. Ke3 Kf5 38. h4 Kg4 39. Ke4 Ba4 40. c3 Bc2 41. Kd5 Bxd3 42. Kxc5 Kxh4 43. Kd5 Kg5 44. c5 Kf6 45. Kd6 Bf5 46. c6 Be6 47. a4 a5 48. Kc7 Ke7 49. Kb6 Kd6 50. Kxa5 Kxc6 51. Kb4 Kb6 52. c4 Bxc4 53. Kxc4 1/2-1/2

[Event "Toronto Reserves-A"]
[Site "Toronto CAN"]
[Date "2007.??.??"]
[Round "2"]
[White "Kaufman, Harris"]
[Black "Armstrong, Robert J"]
[Result "1-0"]
[WhiteElo "1935"]
[BlackElo "1834"]
[PlyCount "61"]
[GameId "2160767910726732"]
[EventDate "2007.02.??"]
[EventType "tourn"]
[EventRounds "7"]
[EventCountry "CAN"]
[SourceTitle "EXT 2022"]
[Source "ChessBase"]
[SourceDate "2021.10.06"]
[SourceVersion "1"]
[SourceVersionDate "2021.10.06"]
[SourceQuality "1"]

1. e4 g6 2. d4 Bg7 3. Nc3 d6 4. f4 Nf6 5. Be2 O-O 6. Be3 c6 7. Nf3 b5 8. e5 Nd5 9. Nxd5 cxd5 10. Qd2 a6 11. h3 Nc6 12. g4 f5 13. g5 e6 14. h4 Kf7 15. h5 dxe5 16. fxe5 Rh8 17. Kf2 b4 18. Rh2 a5 19. Nh4 Ba6 20. Rah1 Bxe2 21. Qxe2 Qc7 22. Ng2 Nxe5 23. dxe5 Bxe5 24. hxg6+ hxg6 25. Rh7+ Bg7 26. Bd4 Rhg8 27. Kf3 Rae8 28. Bxg7 Rxg7 29. Nf4 Qe7 30. Qe5 Kf8 31. Nxg6+ 1-0

[Event "Toronto Reserves-A"]
[Site "Toronto CAN"]
[Date "2007.02.24"]
[Round "3"]
[White "Armstrong, Robert J"]
[Black "Tseluiko, Oleg"]
[Result "1/2-1/2"]
[WhiteElo "1793"]
[BlackElo "1915"]
[PlyCount "89"]
[GameId "2160767910726733"]
[EventDate "2007.02.??"]
[EventType "tourn"]
[EventRounds "7"]
[EventCountry "CAN"]
[SourceTitle "EXT 2022"]
[Source "ChessBase"]
[SourceDate "2021.10.06"]
[SourceVersion "1"]
[SourceVersionDate "2021.10.06"]
[SourceQuality "1"]

1. d4 d5 2. c4 e6 3. Nf3 f5 4. e3 Nf6 5. Bd3 Be7 6. O-O O-O 7. Nc3 c6 8. b3 Qe8 9. Ne5 Nfd7 10. f4 Nf6 11. Bd2 g6 12. Qf3 Nbd7 13. h3 Ne4 14. Rad1 Bb4 15. Nb1 Nxe5 16. dxe5 Bxd2 17. Nxd2 Bd7 18. g4 Nc3 19. Ra1 Qe7 20. g5 Rfd8 21. Rfc1 Ne4 22. Qg2 Be8 23. cxd5 cxd5 24. Nf3 Rac8 25. Nd4 Qa3 26. Rc2 Bd7 27. Rac1 Qxc1+ 28. Rxc1 Rxc1+ 29. Kh2 Rdc8 30. Qe2 a6 31. b4 Kf7 32. b5 Nc3 33. Qb2 Nxb5 34. Bxb5 axb5 35. Qb4 R1c5 36. Kg3 b6 37. Kf3 Ra8 38. Qb2 Ra4 39. a3 Rac4 40. Ke2 Bc8 41. Kd3 Ba6 42. Kd2 Ke7 43. Nb3 Rc6 44. Nd4 R6c5 45. Nb3 1/2-1/2

[Event "Toronto Reserves-A"]
[Site "Toronto CAN"]
[Date "2007.02.24"]
[Round "3"]
[White "Kurkowski, Ken"]
[Black "Kaufman, Harris"]
[Result "1/2-1/2"]
[WhiteElo "1799"]
[BlackElo "1935"]
[PlyCount "112"]
[GameId "2160767910726734"]
[EventDate "2007.02.??"]
[EventType "tourn"]
[EventRounds "7"]
[EventCountry "CAN"]
[SourceTitle "EXT 2022"]
[Source "ChessBase"]
[SourceDate "2021.10.06"]
[SourceVersion "1"]
[SourceVersionDate "2021.10.06"]
[SourceQuality "1"]

1. d4 Nf6 2. c4 g6 3. Nc3 d5 4. cxd5 Nxd5 5. e4 Nxc3 6. bxc3 Bg7 7. Nf3 O-O 8. Bc4 c5 9. O-O Nc6 10. Be3 Bg4 11. Rb1 Bxf3 12. Qxf3 cxd4 13. cxd4 Na5 14. Bd5 e6 15. Bxb7 Rb8 16. e5 Qe7 17. Be4 Qa3 18. Qe2 Rxb1 19. Rxb1 Rc8 20. Qa6 Rd8 21. Bd2 Rxd4 22. Qxa5 Qxa5 23. Bxa5 Rxe4 24. Rb8+ Bf8 25. Kf1 Kg7 26. Bc3 Ra4 27. Rb2 g5 28. h3 Kg6 29. f3 h5 30. g4 Bg7 31. Re2 Rc4 32. Re3 Bf8 33. Rd3 Ra4 34. Rd2 a5 35. Ke2 hxg4 36. hxg4 Bb4 37. Bxb4 Rxb4 38. Ke3 f6 39. exf6 Kxf6 40. Rd4 Rb5 41. Ra4 e5 42. Ke4 Rc5 43. a3 Ke6 44. Kd3 Kd5 45. Re4 Rb5 46. Kc3 Rc5+ 47. Kb3 Kd6 48. Ra4 Rd5 49. Kc3 Kc6 50. Rc4+ Kb5 51. a4+ Kb6 52. Re4 Kc6 53. Rc4+ Rc5 54. Kb3 Kd5 55. Rxc5+ Kxc5 56. Kc3 Kd5 1/2-1/2

[Event "Toronto Reserves-A"]
[Site "Toronto CAN"]
[Date "2007.02.24"]
[Round "3"]
[White "Sapozhnikov, Roman"]
[Black "Ferreira, Alex"]
[Result "1/2-1/2"]
[WhiteElo "2186"]
[BlackElo "2070"]
[PlyCount "47"]
[GameId "2160767910726735"]
[EventDate "2007.02.??"]
[EventType "tourn"]
[EventRounds "7"]
[EventCountry "CAN"]
[SourceTitle "EXT 2022"]
[Source "ChessBase"]
[SourceDate "2021.10.06"]
[SourceVersion "1"]
[SourceVersionDate "2021.10.06"]
[SourceQuality "1"]

1. c4 d5 2. cxd5 Nf6 3. Nc3 Nxd5 4. g3 c6 5. Bg2 e5 6. d3 Be6 7. Nf3 Nd7 8. Ng5 Qf6 9. Nxe6 Qxe6 10. Qb3 Nc5 11. Nxd5 cxd5 12. Be3 Rd8 13. O-O h5 14. h4 Qh3 15. Bxc5 Bxc5 16. Qa4+ Ke7 17. g4 Bd6 18. f3 e4 19. Rf2 Bf4 20. Qb4+ Ke6 21. dxe4 Rc8 22. exd5+ Kd7 23. Qa4+ Ke7 24. b4 1/2-1/2

[Event "Toronto Reserves-A"]
[Site "Toronto CAN"]
[Date "2007.02.11"]
[Round "4"]
[White "Ferreira, Alex"]
[Black "Armstrong, Robert J"]
[Result "1-0"]
[WhiteElo "2070"]
[BlackElo "1793"]
[PlyCount "33"]
[GameId "2160767910726736"]
[EventDate "2007.02.??"]
[EventType "tourn"]
[EventRounds "7"]
[EventCountry "CAN"]
[SourceTitle "EXT 2022"]
[Source "ChessBase"]
[SourceDate "2021.10.06"]
[SourceVersion "1"]
[SourceVersionDate "2021.10.06"]
[SourceQuality "1"]

1. d4 g6 2. e4 Bg7 3. h4 h5 4. Nf3 d6 5. Bc4 Bg4 6. c3 Nf6 7. Qb3 Bxf3 8. Bxf7+ Kd7 9. gxf3 Bh6 10. Qe6+ Kc6 11. f4 Qd7 12. Qc4+ Kb6 13. Na3 a6 14. e5 Ne4 15. Bd5 Qf5 16. Qb4+ Ka7 17. Qxb7# 1-0

[Event "Toronto Reserves-A"]
[Site "Toronto CAN"]
[Date "2007.02.11"]
[Round "4"]
[White "Tseluiko, Oleg"]
[Black "Kurkowski, Ken"]
[Result "1/2-1/2"]
[WhiteElo "1915"]
[BlackElo "1799"]
[PlyCount "107"]
[GameId "2160767910726737"]
[EventDate "2007.02.??"]
[EventType "tourn"]
[EventRounds "7"]
[EventCountry "CAN"]
[SourceTitle "EXT 2022"]
[Source "ChessBase"]
[SourceDate "2021.10.06"]
[SourceVersion "1"]
[SourceVersionDate "2021.10.06"]
[SourceQuality "1"]

1. e4 c5 2. Nc3 e6 3. Bc4 Nc6 4. Nf3 Qc7 5. O-O a6 6. a4 b6 7. Qe2 Nf6 8. h3 Bd6 9. d3 h6 10. Re1 Ne5 11. Nxe5 Bxe5 12. Be3 O-O 13. Rf1 d5 14. exd5 Bxc3 15. d6 Qxd6 16. bxc3 Bb7 17. Kh1 Rfe8 18. d4 cxd4 19. cxd4 Nd5 20. Bxd5 Qxd5 21. Rg1 Rac8 22. Rab1 Rc6 23. c4 Rxc4 24. Rxb6 Rxa4 25. Qg4 Kh7 26. Qg3 Rc8 27. Rd6 Qe4 28. Rd7 Rf8 29. Qc7 Bd5 30. Kh2 Qg6 31. Qd6 Ra1 32. Qg3 Qxg3+ 33. fxg3 Ra2 34. Bf4 Rc8 35. Bc7 Rc2 36. Bd6 R8c4 37. Rxf7 Kg6 38. Ra7 Rxd4 39. Bf8 Rdd2 40. Rxg7+ Kf6 41. Rf1+ Ke5 42. Re1+ Kd4 43. Rg4+ Kc3 44. Bb4+ Kb3 45. Bxd2 Rxd2 46. Rg1 a5 47. Rg8 a4 48. Rb8+ Kc3 49. Rc1+ Kd3 50. h4 a3 51. Kh3 a2 52. Rg1 Rc2 53. Rd1+ Kc3 54. g4 1/2-1/2

[Event "Toronto Reserves-A"]
[Site "Toronto CAN"]
[Date "2007.02.18"]
[Round "5"]
[White "Armstrong, Robert J"]
[Black "Zhou, Haonan"]
[Result "0-1"]
[WhiteElo "1793"]
[BlackElo "1919"]
[PlyCount "47"]
[GameId "2160767910726738"]
[EventDate "2007.02.??"]
[EventType "tourn"]
[EventRounds "7"]
[EventCountry "CAN"]
[SourceTitle "EXT 2022"]
[Source "ChessBase"]
[SourceDate "2021.10.06"]
[SourceVersion "1"]
[SourceVersionDate "2021.10.06"]
[SourceQuality "1"]

1. d4 d5 2. c4 c6 3. e3 Nf6 4. Nf3 e6 5. Bd3 Nbd7 6. O-O dxc4 7. Bxc4 b5 8. Bd3 a6 9. e4 Bb7 10. a3 c5 11. e5 Nd5 12. dxc5 Nxc5 13. b4 Nxd3 14. Qxd3 Be7 15. Ra2 Qb6 16. Nc3 Rd8 17. Qc2 Rc8 18. Bd2 Nxc3 19. Bxc3 Bxf3 20. gxf3 Qc6 21. Rc1 Qxf3 22. Ba1 Rc4 23. Kf1 Qd3+ 24. Ke1 0-1

[Event "Toronto Reserves-A"]
[Site "Toronto CAN"]
[Date "2007.02.18"]
[Round "5"]
[White "Kurkowski, Ken"]
[Black "Ferreira, Alex"]
[Result "0-1"]
[WhiteElo "1799"]
[BlackElo "2070"]
[PlyCount "48"]
[GameId "2160767910726739"]
[EventDate "2007.02.??"]
[EventType "tourn"]
[EventRounds "7"]
[EventCountry "CAN"]
[SourceTitle "EXT 2022"]
[Source "ChessBase"]
[SourceDate "2021.10.06"]
[SourceVersion "1"]
[SourceVersionDate "2021.10.06"]
[SourceQuality "1"]

1. d4 e5 2. dxe5 Nc6 3. Nf3 Qe7 4. Nc3 Nxe5 5. e4 d6 6. Be2 c6 7. O-O Qc7 8. Bf4 Be7 9. h3 Nf6 10. Qd2 Be6 11. Rfd1 h6 12. Qd4 Nfd7 13. b4 g5 14. Rd2 Nxf3+ 15. Bxf3 Bf6 16. Bh2 g4 17. hxg4 Bxg4 18. Bxg4 Be5 19. Rad1 Rc8 20. Ne2 Rg8 21. c4 h5 22. Rb2 b6 23. a4 a5 24. Ra2 c5 0-1

[Event "Toronto Reserves-A"]
[Site "Toronto CAN"]
[Date "2007.02.25"]
[Round "6"]
[White "Sapozhnikov, Roman"]
[Black "Armstrong, Robert J"]
[Result "1-0"]
[WhiteElo "2186"]
[BlackElo "1793"]
[PlyCount "67"]
[GameId "2160767910726740"]
[EventDate "2007.02.??"]
[EventType "tourn"]
[EventRounds "7"]
[EventCountry "CAN"]
[SourceTitle "EXT 2022"]
[Source "ChessBase"]
[SourceDate "2021.10.06"]
[SourceVersion "1"]
[SourceVersionDate "2021.10.06"]
[SourceQuality "1"]

1. e4 g6 2. d4 Bg7 3. Nc3 d6 4. Nf3 Nf6 5. h3 O-O 6. Be3 c6 7. Qd2 b5 8. a3 a5 9. Bh6 Bb7 10. Bd3 Nbd7 11. e5 b4 12. Ne2 Nd5 13. h4 dxe5 14. h5 Nf4 15. Bxg7 Kxg7 16. Nxf4 exf4 17. Qxf4 Rh8 18. Ng5 Nf6 19. Bc4 Qb8 20. h6+ Kf8 21. Qxb8+ Rxb8 22. Nxf7 Rg8 23. Ne5 Rh8 24. axb4 axb4 25. Ra7 Ke8 26. Ba6 Bxa6 27. Rxa6 Rc8 28. Ke2 Rf8 29. Rha1 Nd7 30. Rxc6 Kd8 31. Rxc8+ Kxc8 32. Ra8+ Kb7 33. Rxf8 Nxf8 34. Nd3 1-0

[Event "Toronto Reserves-A"]
[Site "Toronto CAN"]
[Date "2007.02.25"]
[Round "6"]
[White "Zhou, Haonan"]
[Black "Kurkowski, Ken"]
[Result "1-0"]
[WhiteElo "1919"]
[BlackElo "1799"]
[PlyCount "49"]
[GameId "2160767910726741"]
[EventDate "2007.02.??"]
[EventType "tourn"]
[EventRounds "7"]
[EventCountry "CAN"]
[SourceTitle "EXT 2022"]
[Source "ChessBase"]
[SourceDate "2021.10.06"]
[SourceVersion "1"]
[SourceVersionDate "2021.10.06"]
[SourceQuality "1"]

1. d4 d5 2. c4 e6 3. Nc3 c6 4. e4 Bb4 5. exd5 exd5 6. cxd5 Qxd5 7. Nf3 Bg4 8. Be2 Nf6 9. O-O Bxc3 10. bxc3 O-O 11. c4 Qa5 12. h3 Bxf3 13. Bxf3 Qc3 14. Rb1 Qxc4 15. Rxb7 Qxa2 16. Re1 Nd5 17. Bxd5 Qxd5 18. Ree7 c5 19. Qg4 Qxd4 20. Qf3 Qc4 21. Bb2 Qa2 22. Bc3 Qc4 23. Qg3 g6 24. Qe5 f6 25. Rg7+ 1-0

[Event "Toronto Reserves-A"]
[Site "Toronto CAN"]
[Date "2007.03.04"]
[Round "7"]
[White "Armstrong, Robert J"]
[Black "Haziprodromu, Sam"]
[Result "1-0"]
[WhiteElo "1793"]
[BlackElo "2040"]
[PlyCount "75"]
[GameId "2160767910726742"]
[EventDate "2007.02.??"]
[EventType "tourn"]
[EventRounds "7"]
[EventCountry "CAN"]
[SourceTitle "EXT 2022"]
[Source "ChessBase"]
[SourceDate "2021.10.06"]
[SourceVersion "1"]
[SourceVersionDate "2021.10.06"]
[SourceQuality "1"]

1. d4 Nf6 2. c4 c5 3. d5 b5 4. cxb5 a6 5. Nc3 d6 6. e4 g6 7. Nf3 Bg7 8. bxa6 O-O 9. Bc4 Qa5 10. Bd2 Bxa6 11. Qe2 Nbd7 12. Bxa6 Rxa6 13. O-O Rb8 14. Rab1 Raa8 15. e5 dxe5 16. Nxe5 Nxe5 17. Qxe5 Rb7 18. Rfd1 Qa6 19. h3 Ng4 20. Qg3 Ne5 21. Bf4 Nc4 22. b3 Na3 23. Rbc1 c4 24. d6 exd6 25. Rxd6 Rb6 26. Rcd1 Rxd6 27. Rxd6 Qa5 28. Qf3 Re8 29. Bd2 cxb3 30. Rd7 f5 31. axb3 Kh8 32. Qb7 Qe5 33. Nd5 Rb8 34. Qc6 Nb5 35. Re7 Qa1+ 36. Kh2 Be5+ 37. g3 Nd4 38. Re8+ 1-0

[Event "Toronto Reserves-A"]
[Site "Toronto CAN"]
[Date "2007.03.04"]
[Round "7"]
[White "Kurkowski, Ken"]
[Black "Sapozhnikov, Roman"]
[Result "0-1"]
[WhiteElo "1799"]
[BlackElo "2155"]
[PlyCount "78"]
[GameId "2160767910726743"]
[EventDate "2007.02.??"]
[EventType "tourn"]
[EventRounds "7"]
[EventCountry "CAN"]
[SourceTitle "EXT 2022"]
[Source "ChessBase"]
[SourceDate "2021.10.06"]
[SourceVersion "1"]
[SourceVersionDate "2021.10.06"]
[SourceQuality "1"]

1. d4 d5 2. c4 c6 3. Nf3 Nf6 4. e3 a6 5. a4 Bf5 6. cxd5 cxd5 7. Nc3 e6 8. Qb3 Qc7 9. Ne5 Bd6 10. Be2 Nbd7 11. f4 O-O 12. O-O h6 13. Bd2 Rab8 14. Rac1 Qd8 15. Ra1 Ne4 16. Nxe4 Bxe4 17. Bb4 Bxb4 18. Qxb4 Nxe5 19. fxe5 Qg5 20. Bf3 Qxe3+ 21. Kh1 a5 22. Qc3 Qxc3 23. bxc3 Rfc8 24. Rfc1 Bxf3 25. gxf3 Rc4 26. Kg2 Rbc8 27. Rab1 Rxc3 28. Rxc3 Rxc3 29. Rxb7 Rc4 30. Ra7 Rxa4 31. Kf2 Ra1 32. Ke2 a4 33. Kd2 a3 34. Kc2 a2 35. Kb2 Rh1 36. Kxa2 Rxh2+ 37. Kb1 Rd2 38. Ra4 Rd3 39. f4 Rf3 0-1

[Event "Toronto Reserves-A"]
[Site "Toronto CAN"]
[Date "2007.03.11"]
[Round "7"]
[White "Tseluiko, Oleg"]
[Black "Ferreira, Alex"]
[Result "1-0"]
[WhiteElo "1915"]
[BlackElo "2070"]
[PlyCount "69"]
[GameId "2160767910726744"]
[EventDate "2007.02.??"]
[EventType "tourn"]
[EventRounds "7"]
[EventCountry "CAN"]
[SourceTitle "EXT 2022"]
[Source "ChessBase"]
[SourceDate "2021.10.06"]
[SourceVersion "1"]
[SourceVersionDate "2021.10.06"]
[SourceQuality "1"]

1. e4 d5 2. exd5 Nf6 3. d4 Nxd5 4. c4 Nf6 5. Nf3 Bg4 6. Be2 e6 7. O-O Be7 8. Nc3 O-O 9. Be3 Re8 10. Qb3 Qc8 11. Rac1 Nbd7 12. h3 Bh5 13. c5 c6 14. Bf4 Nd5 15. Nxd5 exd5 16. Rfe1 Bd8 17. Ba6 Rxe1+ 18. Rxe1 bxa6 19. Re8+ Nf8 20. Bd6 h6 21. Rxf8+ Kh7 22. g4 Bg6 23. Ne5 Qe6 24. Qb7 Rc8 25. Qd7 Qxd7 26. Nxd7 Bb1 27. a3 f5 28. Be7 Bxe7 29. Rxc8 fxg4 30. hxg4 h5 31. Rxc6 Bd3 32. Re6 Bg5 33. c6 Bf4 34. Ne5 h4 35. Nxd3 1-0

[Event "Toronto Reserves-B"]
[Site "Toronto CAN"]
[Date "2007.03.04"]
[Round "?"]
[White "Taylor, Jason"]
[Black "Farrant-Diaz, Nathan"]
[Result "1-0"]
[WhiteElo "1675"]
[BlackElo "1318"]
[PlyCount "72"]
[GameId "2160767910747804"]
[EventDate "2007.01.01"]
[EventType "tourn"]
[EventRounds "7"]
[EventCountry "CAN"]

1. e4 c5 2. Nf3 e6 3. d4 cxd4 4. Nxd4 a6 5. Be2 Nf6 6. Nc3 Bb4 7. Qd3 O-O 8. O-O b5 9. Bg5 h6 10. Bh4 Bb7 11. e5 g5 12. exf6 gxh4 13. Bf3 d5 14. a4 Qxf6 15. axb5 axb5 16. Ndxb5 Rxa1 17. Rxa1 Bc6 18. Qd4 Qxd4 19. Nxd4 Kh8 20. Nce2 Rg8 21. h3 Bd7 22. Bh5 e5 23. Nf3 Bxh3 24. Nxh4 Be7 25. Kh2 Bg4 26. Bxg4 Bxh4 27. f3 Bf6 28. Ra7 Rf8 29. Nc3 e4 30. Nxd5 Bxb2 31. fxe4 Be5+ 32. Kh3 Rg8 33. Rxf7 h5 34. Bf5 Rg3+ 35. Kh4 Rxg2 36. Rh7+ Kg8 1-0

[Event "Toronto Reserves-B"]
[Site "Toronto CAN"]
[Date "2007.02.14"]
[Round "3"]
[White "Taylor, Jason"]
[Black "Dattani, Dinesh"]
[Result "1-0"]
[WhiteElo "1675"]
[BlackElo "1376"]
[PlyCount "69"]
[GameId "2160767910747805"]
[EventDate "2007.01.01"]
[EventType "tourn"]
[EventRounds "7"]
[EventCountry "CAN"]

1. e4 e5 2. Nf3 Nc6 3. Bb5 a6 4. Ba4 Nf6 5. O-O Be7 6. Re1 b5 7. Bb3 O-O 8. c3 d6 9. h3 Na5 10. Bc2 Bb7 11. d4 d5 12. Nxe5 Nxe4 13. Nd2 f5 14. Nb3 Nc4 15. Nxc4 dxc4 16. Nd2 Nxf2 17. Kxf2 Bh4+ 18. Kg1 Bxe1 19. Qxe1 Re8 20. Qf2 Qd5 21. Nf3 Re6 22. Ne5 Rf8 23. Bf4 c5 24. Rd1 cxd4 25. Rxd4 Qxg2+ 26. Qxg2 Bxg2 27. Kxg2 g5 28. Bh2 f4 29. Re4 Rfe8 30. Nd7 Rxe4 31. Nf6+ Kg7 32. Nxe4 Rd8 33. Kf3 h5 34. Bg1 Kf7 35. Nxg5+ 1-0

[Event "Toronto Reserves-B"]
[Site "Toronto CAN"]
[Date "2007.02.24"]
[Round "6"]
[White "Laporte, Richard"]
[Black "Dattani, Dinesh"]
[Result "1-0"]
[WhiteElo "1680"]
[BlackElo "1376"]
[PlyCount "23"]
[GameId "2160767910747806"]
[EventDate "2007.01.01"]
[EventType "tourn"]
[EventRounds "7"]
[EventCountry "CAN"]

1. e4 e5 2. Nf3 Nc6 3. Bc4 Nf6 4. d4 exd4 5. O-O Bc5 6. e5 Ne4 7. Bd5 Nxf2 8. Rxf2 d3 9. Bxf7+ Kxf7 10. Nd4+ Kg8 11. Qf3 Nxe5 12. Qd5+ 1-0

[Event "Toronto Reserves-B"]
[Site "Toronto CAN"]
[Date "2007.02.25"]
[Round "6"]
[White "Walker, John"]
[Black "Taylor, Jason"]
[Result "0-1"]
[WhiteElo "1500"]
[BlackElo "1675"]
[PlyCount "58"]
[GameId "2160767910747807"]
[EventDate "2007.01.01"]
[EventType "tourn"]
[EventRounds "7"]
[EventCountry "CAN"]

1. e4 e6 2. d4 d5 3. e5 c5 4. c3 Nc6 5. Nf3 Bd7 6. Bd3 cxd4 7. cxd4 Nb4 8. Nc3 Nxd3+ 9. Qxd3 Ne7 10. O-O h6 11. Nb5 Bxb5 12. Qxb5+ Qd7 13. Qxd7+ Kxd7 14. a3 Nc6 15. Bd2 Be7 16. Rac1 a5 17. Rc2 Rhc8 18. Rfc1 b6 19. h3 Na7 20. Rxc8 Rxc8 21. Rxc8 Kxc8 22. Be3 Nc6 23. Nd2 Kd7 24. f4 f5 25. Nf3 a4 26. Bf2 Na5 27. Nd2 Nb3 28. Nxb3 axb3 29. Kf1 Bxa3 0-1

[Event "Toronto Reserves-B"]
[Site "Toronto CAN"]
[Date "2007.03.04"]
[Round "7"]
[White "Dattani, Dinesh"]
[Black "Walker, John"]
[Result "1-0"]
[WhiteElo "1376"]
[BlackElo "1500"]
[PlyCount "43"]
[GameId "2160767910747808"]
[EventDate "2007.01.01"]
[EventType "tourn"]
[EventRounds "7"]
[EventCountry "CAN"]

1. d4 Nf6 2. c4 g6 3. Nc3 Bg7 4. e4 d6 5. Nf3 Nbd7 6. Bd3 O-O 7. O-O e5 8. d5 Nc5 9. Bg5 h6 10. Be3 Nxd3 11. Qxd3 a5 12. Rfe1 c6 13. h3 Ne8 14. dxc6 bxc6 15. Rad1 Qf6 16. c5 Ba6 17. Qd2 Rd8 18. Bxh6 Bxh6 19. Qxh6 dxc5 20. Rxd8 Qxd8 21. Ng5 Nf6 22. Re3 1-0

[Event "Toronto Tch U2000 2007-08"]
[Site "Toronto CAN"]
[Date "2007.01.23"]
[Round "?"]
[White "Sherman, Joshua"]
[Black "Martchenko, Alexander"]
[Result "0-1"]
[WhiteElo "1701"]
[BlackElo "2148"]
[PlyCount "111"]
[GameId "2160767910565931"]
[EventDate "2007.12.13"]
[EventType "team"]
[EventCountry "CAN"]

1. e4 c5 2. d4 cxd4 3. c3 Nf6 4. e5 Nd5 5. cxd4 Nc6 6. Nf3 d6 7. Bc4 Nb6 8. Bxf7+ Kxf7 9. Ng5+ Kg8 10. e6 Qe8 11. Qf3 Nd8 12. d5 h6 13. Nh3 Qg6 14. Nf4 Qf6 15. Nc3 g5 16. Qg3 Qe5+ 17. Be3 Kh7 18. Nfe2 Qxg3 19. hxg3 Kg6 20. g4 Bg7 21. O-O-O Nc4 22. Bd4 Ne5 23. f3 b6 24. Ng3 Nb7 25. Nf5 Bf6 26. Rh5 Nc5 27. Bxc5 bxc5 28. Rdh1 Nf7 29. exf7 Bxf5 30. gxf5+ Kxf5 31. Rxh6 Rxh6 32. Rxh6 Rf8 33. Rh1 Bxc3 34. bxc3 Rxf7 35. Re1 Kf4 36. Re4+ Kf5 37. Kc2 Rh7 38. Kd3 a6 39. Ke2 Kf6 40. Re6+ Kf7 41. Re4 Rh1 42. Ra4 Rg1 43. Kf2 Rc1 44. c4 Kf6 45. Ke3 Rc2 46. g3 Rc3+ 47. Ke4 Kg6 48. g4 Kf6 49. f4 Kg6 50. fxg5 Kxg5 51. Rxa6 Rxc4+ 52. Kd3 Rxg4 53. a4 Kf5 54. Ra7 Ke5 55. Rxe7+ Kxd5 56. Ra7 0-1

[Event "Toronto Tch U2000 2007-08"]
[Site "Toronto CAN"]
[Date "2007.03.20"]
[Round "?"]
[White "Baylon, Glenda"]
[Black "Chuderski, Jan"]
[Result "1/2-1/2"]
[WhiteElo "1600"]
[BlackElo "1649"]
[PlyCount "118"]
[GameId "2160767910565932"]
[EventDate "2007.12.13"]
[EventType "team"]
[EventCountry "CAN"]

1. Nf3 d5 2. c4 d4 3. b4 c5 4. bxc5 e6 5. Ne5 Bxc5 6. Qa4+ Bd7 7. Nxd7 Nxd7 8. Ba3 Qc7 9. g3 Ngf6 10. Bxc5 Qxc5 11. Bg2 Rb8 12. Na3 O-O 13. d3 Nb6 14. Qb3 Qa5+ 15. Kf1 Qf5 16. h3 e5 17. Nb5 e4 18. Nd6 Qc5 19. Nxe4 Nxe4 20. Bxe4 f5 21. Bf3 Nd7 22. a4 Ne5 23. Bd5+ Kh8 24. Qb5 Qc7 25. f4 Nd7 26. Qb2 Qc5 27. Qb5 Qe7 28. Rb1 Rfe8 29. Bf3 Nc5 30. Kg2 b6 31. a5 Qe3 32. Rb2 g5 33. Qc6 Qe7 34. axb6 axb6 35. fxg5 Qxg5 36. Rxb6 Nxd3 37. Qf6+ Qxf6 38. Rxf6 Ne5 39. Rc1 Nxf3 40. exf3 Rb2+ 41. Kf1 Rh2 42. Kg1 Rxh3 43. Kg2 Rh5 44. Rc2 d3 45. Rd2 Re2+ 46. Rxe2 dxe2 47. Kf2 Rh2+ 48. Ke1 Rg2 49. Rxf5 Rxg3 50. Kxe2 Rg1 51. c5 Rc1 52. Rd5 Kg8 53. f4 Kf7 54. Rd6 Rxc5 55. Kf3 Rc1 56. Kg4 Rg1+ 57. Kh4 Rh1+ 58. Kg4 Rg1+ 59. Kh4 Rh1+ 1/2-1/2

[Event "Toronto Tch U2000 2007-08"]
[Site "Toronto CAN"]
[Date "2007.03.20"]
[Round "?"]
[White "Sherman, Joshua"]
[Black "Kagramanov, Dalia"]
[Result "1-0"]
[WhiteElo "1700"]
[BlackElo "1803"]
[PlyCount "89"]
[GameId "2160767910565934"]
[EventDate "2007.12.13"]
[EventType "team"]
[EventCountry "CAN"]

1. e4 c5 2. d4 cxd4 3. c3 dxc3 4. Nxc3 d6 5. Bc4 Nc6 6. Nf3 e6 7. Qe2 Nf6 8. O-O Be7 9. Rd1 Qc7 10. Bf4 e5 11. Nb5 Qb8 12. Bg5 a6 13. Bxf6 gxf6 14. Nc3 Bg4 15. Qe3 Nd4 16. Nxd4 Bxd1 17. Nf5 Bg4 18. Nxe7 Kxe7 19. Nd5+ Kd8 20. Qb6+ Kc8 21. Rc1 Kd7 22. Nxf6+ Ke7 23. Nxg4 Rc8 24. Rc2 Rc6 25. Qb3 Qc7 26. Ne3 Kf8 27. Nd5 Qa5 28. Qb4 Qc5 29. Qxb7 Ra7 30. Qb4 Qd4 31. Ne3 Rac7 32. b3 Qxe4 33. Qd2 Qd4 34. Qxd4 exd4 35. Nd5 Rc8 36. Rd2 Re8 37. Kf1 Re4 38. f3 Rh4 39. g3 Rh5 40. Kg2 Re5 41. Rxd4 Re2+ 42. Bxe2 Rc2 43. Kf2 Rxa2 44. Ra4 Rb2 45. b4 1-0

[Event "Toronto Tch U2000 2007-08"]
[Site "Toronto CAN"]
[Date "2007.04.19"]
[Round "?"]
[White "Gladstone, Simon"]
[Black "Lung, Patrick"]
[Result "1-0"]
[WhiteElo "1873"]
[BlackElo "1535"]
[PlyCount "95"]
[GameId "2160767910565937"]
[EventDate "2007.12.13"]
[EventType "team"]
[EventCountry "CAN"]

1. e4 e5 2. Nf3 Nc6 3. Nc3 Nf6 4. d4 exd4 5. Nxd4 Bb4 6. Nxc6 dxc6 7. Qxd8+ Kxd8 8. f3 Bxc3+ 9. bxc3 h6 10. Bc4 Ke8 11. Bf4 b5 12. Bb3 a5 13. a4 Ra7 14. Kf2 Nd7 15. Ra2 Nb6 16. Be3 Be6 17. Bxe6 fxe6 18. Bxb6 cxb6 19. axb5 cxb5 20. Rb1 Kd7 21. Rxb5 Kc6 22. c4 a4 23. Ke3 Rha8 24. Re5 Kd6 25. Kd4 Ra5 26. Rb5 e5+ 27. Kc3 Rxb5 28. cxb5 Kc5 29. Rb2 a3 30. Ra2 Kxb5 31. Kb3 g5 32. Rxa3 Rxa3+ 33. Kxa3 Kc5 34. Kb2 Kd4 35. Kb3 Ke3 36. Kb4 Kf2 37. Kb5 Kxg2 38. Kxb6 Kxh2 39. c4 h5 40. c5 Kg3 41. c6 h4 42. c7 h3 43. c8=Q h2 44. Qg4+ Kf2 45. Qh3 Kg1 46. Qg3+ Kh1 47. Qf2 g4 48. Qf1# 1-0